书目信息 |
| 题名: |
1994-2001年款宝马车系电路图集
|
|
| 作者: | 丁锋 , 杨波 主编 | |
| 分册: | ||
| 出版信息: | 北京 人民交通出版社 2004.06 |
|
| 页数: | 740页 | |
| 开本: | 26cm | |
| 丛书名: | 进口轿车电路维修丛书 | |
| 单 册: | ||
| 中图分类: | U469.11-64 | |
| 科图分类: | ||
| 主题词: | 轿车--jiao che--宝马--电路图--图集 | |
| 电子资源: | ||
| ISBN: | 7-114-04943-9 | |
| 000 | 01085nam 2200277 450 | |
| 001 | 012008335024 | |
| 005 | 20080424170336.59 | |
| 010 | @a7-114-04943-9@dCNY79.00 | |
| 100 | @a20080424d2004 km y0chiy0120 ea | |
| 101 | 0 | @achi |
| 102 | @aCN@b110000 | |
| 105 | @aa z 000yy | |
| 106 | @ar | |
| 200 | 1 | @a1994-2001年款宝马车系电路图集@A1994-2001 nian kuan bao ma che xi dian lu tu ji@f丁锋, 杨波主编@Fding feng,yang bo zhu bian |
| 210 | @a北京@c人民交通出版社@d2004.06 | |
| 215 | @a740页@c图@d26cm | |
| 225 | 2 | @a进口轿车电路维修丛书@Ajin kou jiao che dian lu wei xiu cong shu |
| 330 | @a本书根据原厂维修资料, 汇编了1994-2001年款宝马车系的发动机系统、自动变速器系统、空调系统的电路图, 并对宝马各车型、各年款的电路图进行了认真的对照、归纳与整理。 | |
| 410 | 0 | @12001 @a进口轿车电路维修丛书 |
| 517 | 1 | @a宝马车系电路图集@Abao ma che xi dian lu tu ji |
| 606 | 0 | @a轿车@Ajiao che@x宝马@x电路图@j图集 |
| 690 | @aU469.11-64@v4 | |
| 701 | 0 | @a丁锋@Ading feng@4主编 |
| 701 | 0 | @a杨波@Ayang bo@4主编 |
| 801 | 0 | @aCN@bQSSK@c20080424 |
| 905 | @b20704282-83@dU469.11-64@eD522@f2 | |
| 1994-2001年款宝马车系电路图集/丁锋, 杨波主编.-北京:人民交通出版社,2004.06 |
| 740页:图;26cm.-(进口轿车电路维修丛书) |
| ISBN 7-114-04943-9:CNY79.00 |
| 本书根据原厂维修资料, 汇编了1994-2001年款宝马车系的发动机系统、自动变速器系统、空调系统的电路图, 并对宝马各车型、各年款的电路图进行了认真的对照、归纳与整理。 |
| ● |
| 相关链接 |
|
|
|
正题名:1994-2001年款宝马车系电路图集
索取号:U469.11-64/D522
 
预约/预借
| 序号 | 登录号 | 条形码 | 馆藏地/架位号 | 状态 | 备注 |
| 1 | 704282 | 207042822 | 自科库501/501自科库 56排5列3层/ [索取号:U469.11-64/D522] | 在馆 | |
| 2 | 704283 | 207042831 | 自科二线400A/400A自科库 32排1列3层/ [索取号:U469.11-64/D522] | 在馆 |